00657cam a22002057a 4500003000500000005001700005008004100022010001000063011001000073035001000083040000900093082001200102100002400114245005200138260007900190300001000269490008000279650001200359830008000371CHAP20220329134446.0971013s1956 r 00010 d a20739 a21711 a25802 cCHAP a678bC400aCervantes, Vicente.14aUna memoria científica mexicana sobre el hule aMéxico :bBanco Nacional de Crédito Agrícola y Ganadero, S.A.,c1956 a29 p. 0aBanco Nacional de Crédito Agrícola y Ganadero, S.A. Publicacionesv; 1314aCaucho.0 aBanco Nacional de Crédito Agrícola y Ganadero, S.A. Publicacionesv; 13